Logo BPK

Biblioteka

Politechniki Koszalińskiej

Ochrona wód i gleb / (Rekord nr 46512)

Szczegóły MARC
000 -ETYKIETA REKORDU
podpole kontrolne o stałej długości 00996nam a2200289 i 4500
001 - NUMER KONTROLNY REKORDU
pole kontrolne bg
020 ## - MIĘDZYNARODOWY ZNORMALIZOWANY NUMER KSIĄŻKI - ISBN
ISBN 8387866970
040 ## - ŹRÓDŁO KATALOGOWANIA
Instytucja, która utworzyła rekord BPK
041 0# - KOD JĘZYKA
Kod języka tekstu pol
080 ## - UNIWERSALNA KLASYFIKACJA DZIESIĘTNA - UKD
UKD 556:631.4:504.4/.5.054](075.8)
920 ## - Międzynarodowy znormalizowany numer książki – ISBN
ISBN 83-87866-97-0
008 - POLE O STAŁEJ DŁUGOŚCI - DANE KONTROLNE
podpole kontrolne o stałej długości s pl f |000 0 pol
100 1# - NAZWA OSOBOWA
Nazwa osobowa PALUCH, Julian
245 10 - TYTUŁ/ODPOWIEDZIALNOŚĆ
Tytuł Ochrona wód i gleb /
Pozostałe elementy strefy tytułu i oznaczenia odpowiedzialności Julian Paluch, Krzysztof Pulikowski, Mieczysław Trybała.
260 ## - STREFA ADRESU WYDAWNICZEGO
Miejsce wydania Wrocław :
Nazwa wydawcy/dystrybutora Wydaw. AR,
Data publikacji, dystrybucji/powstania dokumentu 2001.
300 ## - STREFA OPISU FIZYCZNEGO
Objętość 196 s. :
Inne cechy fizyczne rys. ;
Rozmiary 24 cm.
490 1# - STREFA SERII I DOKUMENTU WIELOCZĘŚCIOWEGO - FORMA NIE DO WYSZUKIWANIA
Tytuł i oznaczenie odpowiedzialności serii Skrypty Akademii Rolniczej we Wrocławiu,
ISSN 0239-5762 ;
Numeracja w obrębie serii nr 460
504 ## - UWAGA DOTYCZĄCA BIBLIOGRAFII
Informacje o bibliografii Bibliogr.
650 #9 - HASŁO PRZEDMIOTOWE W FORMIE NAZWY OGÓLNEJ LUB JEDNOSTKOWEJ
Nazwa ogólna lub geograficzna Woda
Określnik ogólny ochrona
650 #9 - HASŁO PRZEDMIOTOWE W FORMIE NAZWY OGÓLNEJ LUB JEDNOSTKOWEJ
Nazwa ogólna lub geograficzna Gleba
Określnik ogólny ochrona
655 ## - TERMIN INDEKSOWY - OKREŚLENIE RODZAJU/FORMY DOKUMENTU
Określenie rodzaju/formy dokumentu Podręczniki akademickie
700 1# - HASŁO DODATKOWE - NAZWA OSOBOWA
Nazwa osobowa PULIKOWSKI, Krzysztof
700 1# - HASŁO DODATKOWE - NAZWA OSOBOWA
Nazwa osobowa TRYBAŁA, Mieczysław
830 ## - HASŁO DODATKOWE SERII LUB DOKUMENTU WIELOCZĘŚCIOWEGO - TYTUŁ UJEDNOLICONY
Tytuł ujednolicony Skrypty Akademii Rolniczej we Wrocławiu,
-- 0239-5762 ;
856 ## - LOKALIZACJA I DOSTĘP DO ELEKTRONICZNYCH DOKUMENTÓW ZDALNYCH
Link (URL) http://koha.tu.koszalin.pl/cgi-bin/koha/opac-detail.pl?biblionumber=46512
Tekst linku Katalog online BPK
942 ## - DODATKOWE ELEMENTY (KOHA)
Typ dokumentu Książka
Egzemplarze
Wycofany Status egzemplarza Uszkodzony Dostępność Lokalizacja stała Lokalizacja bieżąca Miejsce przechowywania Sygnatura Kod kreskowy Typ dokumentu
      Dostępny Biblioteka Politechniki Koszalińskiej Biblioteka Politechniki Koszalińskiej Wypożyczalnia BG 76490 02273723 Książka
© 2023 Biblioteka Politechniki Koszalińskiej :: KOHA